000
00307nam a22001457a 4500
008
230314b ||||| |||| 00| 0 eng d
020
_a
9788088308409
041
_a
eng
080
_a
72
082
_a
72
100
_a
21
101
_a
dizajn
245
_a
TEXTILE MANIFESTOES
_c
MUDRY R
942
_2
udc
_c
BK
999
_c
59357
_d
59357